| 000 | 01393cam a22003978i 4500 | ||
|---|---|---|---|
| 001 | 20638320 | ||
| 003 | JO-AjAnu | ||
| 005 | 20240610084247.0 | ||
| 008 | 180817s2019 nju b 001 0 eng | ||
| 010 | _a 2018039798 | ||
| 020 | _a9781119235927 (hardcover) | ||
| 035 | _a(DNLM)101732507 | ||
| 040 |
_aDNLM/DLC _erda _cJO-AjAnu _dJO-AjAnu |
||
| 041 | _aENG | ||
| 042 | _apcc | ||
| 050 | 0 | 0 | _aRM216 |
| 060 | 1 | 0 | _aWB 400 |
| 082 | 0 | 0 |
_a615.8/54 _223 |
| 245 | 0 | 0 |
_aManual of dietetic practice / _cedited by Joan Gandy in conjunction with the British Dietetic Association. |
| 250 | _aSixth edition. | ||
| 263 | _a1905 | ||
| 264 | 1 |
_aHoboken, NJ : _bJohn Wiley & Sons, Inc. : _bThe British Dietetic Association, _c2019. |
|
| 300 |
_ap. ; _ccm. |
||
| 336 |
_atext _2rdacontent |
||
| 337 |
_aunmediated _2rdamedia |
||
| 338 |
_avolume _2rdacarrier |
||
| 504 | _aIncludes bibliographical references and index. | ||
| 650 | 1 | 2 | _aDiet Therapy |
| 650 | 1 | 2 | _aDietetics |
| 650 | 2 | 2 | _aNutritional Physiological Phenomena |
| 700 | 1 |
_aGandy, Joan, _eeditor. |
|
| 710 | 2 |
_aBritish Dietetic Association, _eissuing body. |
|
| 776 | 0 | 8 |
_iOnline version: _tManual of dietetic practice _bSixth edition. _dHoboken, NJ : John Wiley & Sons, Inc. : The British Dietetic Association, 2019 _z9781119235903 _w(DLC) 2018041076 |
| 906 |
_a7 _bcbc _corignew _d1 _eecip _f20 _gy-gencatlg |
||
| 942 |
_2lcc _cBK _n0 |
||
| 999 |
_c33517 _d33517 |
||